| 000 | 00509nam a2200181 a 4500 | ||
|---|---|---|---|
| 001 | 1270 | ||
| 003 | CDMR | ||
| 005 | 20131017100836.0 | ||
| 008 | 130130s1966||||||||||||||||||||||||||||d | ||
| 040 |
_aCDMR _bcat _cCDMR |
||
| 100 | 1 |
_aWeisberger, Bernard A. _9990 |
|
| 245 | 1 | 0 |
_aEvolución del periodismo _cBernard A. Weisberger |
| 246 | _aThe American Newspaperman | ||
| 260 |
_aMéxico _c1966 _bLetras |
||
| 490 | 0 |
_aOrbe _v14 |
|
| 650 | 0 | 4 |
_94094 _aPeriodisme _xHistòria _zEstats Units d'Amèrica |
| 942 |
_cMON _2udc |
||
| 999 |
_c1270 _d1270 |
||